000 00643nam a22002057a 4500
003 OSt
005 20240603032457.0
008 240603b |||||||| |||| 00| 0 eng d
020 _a9781845334598
040 _aDWCL-HMN lib.
_cOC
082 _aCirc. 641.5946 R128c 2009
100 _aRadford, John
245 _aRadford, John Cook España, drink España : a culinary journey around the food and drink of Spain /
260 _aNew York :
_bOctopus Pub.,
_cc2009.
300 _a192 pages :
_bcolored illustrations ;
_c26 cm.
504 _aIncludes index.
650 _a1. Cooking,
700 _aJohn Radford.
942 _2ddc
_cBK-CIRC
_kCirc.
_n0
999 _c86
_d86